LEADER 01067nam a2200289 i 4500 001 991001777129707536 005 20020507151619.0 008 000627s1968 it ||| | fre 035 $ab11562584-39ule_inst 035 $aLE02725046$9ExL 040 $aDip.to Studi Giuridici$bita 082 0 $a937 084 $aR-III/D 100 1 $aLambrechts, Pierre$0194163 245 13$aLa composition du senat romain de Septime Severe a Diocletien :$b(193-284) /$cPierre Lambrechts 250 $aEd. anast. 260 $aRoma :$bL'Erma di Bretschneider,$c1968 300 $a130 p. ;$c23 cm. 490 0 $aStudia historica ;$v53 500 $aFacs. dell'ed. di Budapest del 1937 650 4$aSenatori romani$y193-284 907 $a.b11562584$b01-03-17$c02-07-02 912 $a991001777129707536 945 $aLE027 R-III/D 205.2$g1$iLE027CL-1598$lle027$o-$pE0.00$q-$rl$s- $t0$u0$v0$w0$x0$y.i1176532x$z02-07-02 996 $aComposition du senat romain de Septime Severe a Diocletien$9895498 997 $aUNISALENTO 998 $ale027$b01-01-00$cm$da $e-$ffre$git $h3$i1 LEADER 02022oam 2200493Ia 450 001 9910697499703321 005 20080821092457.0 035 $a(CKB)5470000002387940 035 $a(OCoLC)86079094 035 $a(EXLCZ)995470000002387940 100 $a20070320d2006 ua 0 101 0 $aeng 135 $au|cn||||a|||| 181 $ctxt$2rdacontent 182 $cc$2rdamedia 183 $acr$2rdacarrier 200 00$aHuman use pharmaceuticals in the estuarine environment$b[electronic resource] $ea survey of the Chesapeake Bay, Biscayne Bay and Gulf of the Farallones /$fAnthony S. Pait ... [and others] 210 1$aSilver Spring, Md. :$cU.S. Dept. of Commerce, National Oceanic and Atmospheric Administration, National Ocean Service, National Centers for Coastal Ocean Science, Center for Coastal Monitoring and Assessment,$d[2006] 215 $aiv, 21 pages $cdigital, PDF file 225 1 $aNOAA technical memorandum NOS NCCOS ;$v7 300 $aTitle from title screen (viewed on Mar. 16, 2007). 300 $a"August 2006." 320 $aIncludes bibliographical references (pages 20-21). 517 $aHuman use pharmaceuticals in the estuarine environment 606 $aEstuarine ecology$zChesapeake Bay (Md. and Va.) 606 $aEstuarine ecology$zFlorida$zBiscayne Bay 606 $aEstuarine ecology$zCalifornia$zFarallones, Gulf of the 606 $aEstuarine ecology$xEffect of drugs on$xResearch 606 $aDrugs$xMeasurement$vObservations 615 0$aEstuarine ecology 615 0$aEstuarine ecology 615 0$aEstuarine ecology 615 0$aEstuarine ecology$xEffect of drugs on$xResearch. 615 0$aDrugs$xMeasurement 701 $aPait$b Anthony S$01403329 712 02$aCenter for Coastal Monitoring and Assessment (U.S.) 801 0$bOLA 801 1$bOLA 801 2$bOLA 801 2$bGPO 906 $aBOOK 912 $a9910697499703321 996 $aHuman use pharmaceuticals in the estuarine environment$93511092 997 $aUNINA